000 00892nam a2200217 a 4500
005 20240924064057.0
008 190117s2017 ag r 000 0 spa d
020 _a9789505506989
035 _aUPN01000228442
049 _aCG
050 4 _aLB1719 M6
_bY7.4
245 0 0 _aY si-- ¿formación e investigación se tejen?-- :
_binvestigaciones educativas, hilvanes de los formadores de docentes /
_ccoord. María del Carmen Gabriela Flores Talavera.
260 _aArgentina :
_bMagisterio Río de la Plata ;
_aMéxico :
_bBenemérita y Centenaria Escuela Normal de Jalisco,
_c2017.
300 _a269 p. :
_bcuadros, tablas, gráfs.
440 0 _aRespuestas educativas
650 4 _aMaestros
_xFormación profesional
_zMéxico
_9796
650 4 _aEducación
_xInvestigación
_94070
700 1 _aFlores Talavera, María del Carmen Gabriela,
_ecoord.
_942565
905 _aLibro
999 _c200537
_d200537